Normal view
MARC view
- قانون التحكيم - الاردن
Entry Topical Term
001 - CONTROL NUMBER
- control field: 59726
003 - CONTROL NUMBER IDENTIFIER
- control field: JO-AjAnu
005 - DATE AND TIME OF LATEST TRANSACTION
- control field: 20230606083750.0
008 - FIXED-LENGTH DATA ELEMENTS
- fixed length control field: 230606|| aca||aabn | a|a d
040 ## - CATALOGING SOURCE
- Original cataloging agency: JO-AjAnu
- Transcribing agency: JO-AjAnu
150 ## - HEADING--TOPICAL TERM
- Topical term or geographic name entry element: قانون التحكيم - الاردن
670 ## - SOURCE DATA FOUND
- Source citation: Work cat.: (JO-AjAnu)30459: اعداد: ابو جمل، فراس يحيى؛ اشراف: عبد الحكيم محسن عطروش, author 59725, تشكيل هيئة التحكيم في القانون الاردني(دراسة مقارنة) = Formation of Arbitral Tribunal in Jordanian Law (A Comparative Study)